Central Library OPAC University of Rajshahi
Normal view MARC view

Entry Personal Name

Number of records used in: 1

001 - CONTROL NUMBER

  • control field: 4800

003 - CONTROL NUMBER IDENTIFIER

  • control field: BD-RjUL

005 - DATE AND TIME OF LATEST TRANSACTION

  • control field: 20220914114415.0

008 - FIXED-LENGTH DATA ELEMENTS

  • fixed length control field: 220914|| aca||aabn | a|a d

040 ## - CATALOGING SOURCE

  • Original cataloging agency: BD-RjUL
  • Transcribing agency: BD-RjUL

100 ## - HEADING--PERSONAL NAME

  • Personal name: ترمذي، محمد بن عسى., محمد زكريا # # # Tirmidhi, Muhammad bin Asa, Muhammad Zakaria.

670 ## - SOURCE DATA FOUND

  • Source citation: Work cat.: (BD-RjUL)80355: ترمذي، محمد بن عسى., محمد زكريا # # # Tirmidhi, Muhammad bin Asa, Muhammad Zakaria.,, شمائل نرمذي ### Shamael Tirmidhi /, 1945